000 00591nam a22002057a 4500
003 MX-MxUPN
005 20260512064112.0
008 260511s2003 fr| ||||r|||| 000 0 eng d
020 _a929142174X
040 _aMX-MxUPN
_bspa
041 0 _aeng
050 4 _aJF515
_bG85 2003
245 0 2 _aA guide to parliamentary practice :
_ba handbook
260 _aGeneva, Switzerland :
_bInter-Parliamentary Union
260 _aParis, France :
_bUnesco,
_c2003
300 _a22 páginas
650 2 _aPráctica parlamentaria
_95763
902 _aVíctorGodínez/110526
942 _2lcc
_cFOLL
999 _c215062
_d215062